Effectiffs Slovénie Euro 2024 - Statistiques

Statistiques générales
  • Ce quiz a été pris 10 fois
  • Le résultat moyen est 4 sur 26
Statistiques - réponses
Poste Numéro Club Joueur % Correct
Gardien 1 Atletico Madrid Jan Oblak
89%
Attaquant 11 RB Leipzig Benjamin Sesko
78%
Attaquant 9 FC Panathinaikos Andraz Sporar
56%
Attaquant 18 Girondins de Bordeaux Zan Vipotnik
56%
Milieu 26 NK Maribor Josip Ilicic
33%
Défenseur 6 Udinese Calcio Jaka Bijol
22%
Milieu 22 FC Panathinaikos Adam Gnezda Cerin
11%
Attaquant 7 FC Panathinaikos Benjamin Verbic
11%
Milieu 8 Udinese Calcio Sandi Lovric
11%
Milieu 10 Olimpija Ljubljana Timi Max Elsnik
11%
Défenseur 21 FK Sotchi Vanja Drkusic
11%
Défenseur 2 NK Celje Zan Karnicknik
11%
Milieu 25 Spartak Trnava Adrian Zeljkovic
0%
Défenseur 23 Orlando City David Brekalo
0%
Défenseur 13 Gornik Zarbrze Erik Janza
0%
Gardien 16 Vejle Boldklub Igor Vekic
0%
Attaquant 17 Pisa Sporting Jan Mlakar
0%
Milieu 14 FC Sudtirol Jasmin Kurtic
0%
Milieu 5 Sturm Graz Jon Gorenc Stankovic
0%
Défenseur 3 Alanyaspor Jure Balkovec
0%
Défenseur 4 Lech Poznan Miha Blazic
0%
Attaquant 24 FK Bodo Glimt Nino Zugelj
0%
Défenseur 20 UC Sampdoria Petar Stojanovic
0%
Milieu 15 Sturm Graz Tomi Horvat
0%
Gardien 12 APOEL Nicosie Vid Belec
0%
Attaquant 19 FC Lugano Zan Celar
0%
Aucun quiz correspondant
Distribution des résultats
% des personnes avec chaque résultat
Percentile par nombre de réponses
Votre historique - résultats
Vous n’avez pas pris ce quiz